| 000 | 00776nam a22002057a 4500 | ||
|---|---|---|---|
| 005 | 2010081403553.0 | ||
| 010 | _aENG-100161 | ||
| 020 |
_a9788184243482 _c1600.00 |
||
| 035 | _aEN-83693 | ||
| 037 | _bDBAD/PUB | ||
| 082 | _a333.70954 | ||
| 245 |
_aNatural resources management for sustainable development in Western India / _cedited by S.N. Prasad...[et al] |
||
| 260 |
_aNew Delhi _bAllied Publishers _c2008 |
||
| 270 |
_a1/13-14 Asaf Ali Road, _bNew Delhi _e110002 |
||
| 300 |
_a266p.: _bill _c28cm (Hb) |
||
| 500 | _aIncludes index | ||
| 700 |
_aPrasad, S.N. _913072 |
||
| 942 |
_2ddc _cEN _h333.70954 _mNAT |
||
| 999 |
_c41797 _d41797 |
||